[Event "5th Classic Open 2013"]
[Site "London ENG"]
[Date "2013.12.07"]
[Round "1.1"]
[White "Sathyanandha, Saravanan"]
[Black "Istratescu, Andrei"]
[Result "0-1"]
[BlackTitle "GM"]
[WhiteElo "2144"]
[BlackElo "2670"]
[WhiteFideId "470929"]
[BlackFideId "1200372"]
[EventDate "2013.12.07"]

1. e4 c5 2. c3 e6 3. d4 d5 4. exd5 exd5 5. Nf3 Nc6 6. Be2 Bd6 7. Be3 c4 8. b3
cxb3 9. axb3 Nge7 10. O-O O-O 11. b4 Bg4 12. h3 Bh5 13. Nh4 Bxe2 14. Qxe2 a6 15.
f4 Na7 16. f5 Bg3 17. Qg4 Bxh4 18. Qxh4 f6 19. Na3 Qc8 20. Bd2 Nxf5 21. Qf4 Ne7
22. Qd6 Re8 23. Rae1 Qc6 24. Qg3 Nac8 25. Qg4 Ng6 26. Rxe8+ Qxe8 27. Re1 Qf7 28.
h4 Nd6 29. h5 Nf8 30. Bf4 Ne4 31. Qf3 f5 32. Rf1 Nd7 33. Bc1 Rf8 34. b5 a5 35.
Nb1 Ndf6 36. Ba3 Re8 37. Qxf5 Ng3 0-1

[Event "5th Classic Open 2013"]
[Site "London ENG"]
[Date "2013.12.07"]
[Round "1.2"]
[White "Grachev, Boris"]
[Black "Tozer, Philip A A"]
[Result "1-0"]
[WhiteTitle "GM"]
[WhiteElo "2669"]
[BlackElo "2141"]
[WhiteFideId "4129199"]
[BlackFideId "419982"]
[EventDate "2013.12.07"]

1. d4 e6 2. c4 Nf6 3. Nf3 Bb4+ 4. Bd2 c5 5. e3 b6 6. Bd3 Bb7 7. Nc3 cxd4 8. exd4
O-O 9. Bg5 h6 10. Bh4 d5 11. cxd5 Bxd5 12. O-O Be7 13. Bc2 Nc6 14. Ne5 Nb4 15.
Bb1 Bb7 16. a3 Nbd5 17. Ne2 Ba6 18. Nc6 Qd7 19. Nxe7+ Qxe7 20. Re1 Qd7 21. Bg3
Rac8 22. Be5 Qb5 23. Qd2 Rfd8 24. h3 Qc6 25. Ng3 Nd7 26. Ne4 Nxe5 27. dxe5 Bb7
28. f3 Rd7 29. Nd6 Qc5+ 30. Kh1 Rcd8 31. Be4 Rxd6 32. exd6 Qxd6 33. Qf2 Qf4 34.
Rad1 Rc8 35. Rd4 Qf6 36. Ra4 a6 37. Rd4 b5 38. Rd2 Qd8 39. Rc2 Rxc2 40. Bxc2 Qf6
41. Qa7 Bc8 42. Qb8 1-0

[Event "5th Classic Open 2013"]
[Site "London ENG"]
[Date "2013.12.07"]
[Round "1.5"]
[White "Wallace, Paul"]
[Black "Bartel, Mateusz"]
[Result "0-1"]
[BlackTitle "GM"]
[WhiteElo "2130"]
[BlackElo "2649"]
[WhiteFideId "2500892"]
[BlackFideId "1112635"]
[EventDate "2013.12.07"]

1. e4 e5 2. Nf3 Nc6 3. Bb5 a6 4. Ba4 Nge7 5. Nc3 d6 6. O-O Bd7 7. d4 b5 8. Bb3
Nxd4 9. Nxd4 exd4 10. Nd5 c5 11. Nxe7 Bxe7 12. Bd5 Rc8 13. Bf4 Be6 14. Bxe6 fxe6
15. Qh5+ g6 16. Qh3 Qd7 17. Bh6 e5 18. Qg3 Bf8 19. Bxf8 Rxf8 20. f4 Qe6 21. f5
gxf5 22. exf5 Qd5 23. Rae1 Kd7 24. f6 Kc6 25. a4 b4 26. Rf5 Rc7 27. b3 Rcf7 28.
Qd3 Kb7 29. Ref1 Rc8 30. Qd2 Qe4 31. Qf2 c4 32. Re1 cxb3 33. cxb3 Qd5 34. Rg5
Rcc7 35. Rf1 Qxb3 36. Qf5 Qxa4 37. Rg8 Qb3 38. Rd8 Qd5 39. h3 d3 40. Rd1 Rc2 41.
Qg4 Qd4+ 42. Qxd4 exd4 43. Rxd6 Rc6 44. Rxd4 a5 45. R1xd3 Rcxf6 46. Re3 Rb6 47.
Rb3 Ka6 48. Rb1 b3 49. h4 Rc7 50. Kh2 Rc2 0-1

[Event "5th Classic Open 2013"]
[Site "London ENG"]
[Date "2013.12.07"]
[Round "1.6"]
[White "Delchev, Aleksander"]
[Black "Maduekwe, Chiedu"]
[Result "1-0"]
[WhiteTitle "GM"]
[WhiteElo "2648"]
[BlackElo "2126"]
[WhiteFideId "2900394"]
[BlackFideId "8500118"]
[EventDate "2013.12.07"]

1. e4 e5 2. Bc4 Nf6 3. d3 Nc6 4. Nf3 Be7 5. O-O O-O 6. Re1 d6 7. a4 Be6 8. Nbd2
Qd7 9. c3 Rfe8 10. a5 a6 11. Nf1 Bxc4 12. dxc4 Qe6 13. Ne3 Rec8 14. Qd3 Bf8 15.
Nd5 h6 16. Ra3 g6 17. Be3 Bg7 18. h3 Kh7 19. Kh2 Ng8 20. g4 Qd7 21. Rg1 Rf8 22.
Raa1 Rae8 23. Rg2 f6 24. b4 Rf7 25. Rag1 Nd8 26. Nh4 Ne6 27. f4 exf4 28. Nxg6
fxe3 29. e5 f5 30. gxf5 Nc5 31. bxc5 Qxf5 32. Qxf5 Rxf5 33. Nxc7 Rexe5 34. Nxe5
Bxe5+ 35. Kh1 dxc5 36. Rxg8 Rf2 37. R8g2 Rf3 38. Rd1 1-0

[Event "5th Classic Open 2013"]
[Site "London ENG"]
[Date "2013.12.07"]
[Round "1.7"]
[White "Warman, Simon M"]
[Black "Iordachescu, Viorel"]
[Result "0-1"]
[BlackTitle "GM"]
[WhiteElo "2119"]
[BlackElo "2614"]
[WhiteFideId "408867"]
[BlackFideId "13900200"]
[EventDate "2013.12.07"]

1. e4 c6 2. d4 d5 3. Nd2 dxe4 4. Nxe4 Bf5 5. Ng3 Bg6 6. Nf3 Nf6 7. Ne5 Nbd7 8.
Nxg6 hxg6 9. Bd3 Qc7 10. O-O O-O-O 11. Qf3 e5 12. Bc4 exd4 13. Bxf7 Ne5 14. Be6+
Kb8 15. Qb3 Ne4 16. Bh3 Nc5 17. Qb4 Nf3+ 18. Kh1 Qf7 19. gxf3 Rxh3 20. Kg2 Rh8
21. Qd2 Bd6 22. Qg5 Rdf8 23. Qg4 Nd7 24. f4 Nf6 25. Qf3 Nd5 26. Rd1 c5 27. c3
Rh4 28. cxd4 Nxf4+ 29. Kh1 Rfh8 30. Nf1 Rh3 31. Qg4 Qd5+ 0-1

[Event "5th Classic Open 2013"]
[Site "London ENG"]
[Date "2013.12.07"]
[Round "1.9"]
[White "Hebbes, Tim"]
[Black "Gupta, Abhijeet"]
[Result "0-1"]
[BlackTitle "GM"]
[WhiteElo "2104"]
[BlackElo "2608"]
[WhiteFideId "406570"]
[BlackFideId "5010608"]
[EventDate "2013.12.07"]

1. Nf3 d5 2. e3 Nf6 3. c4 c6 4. Nc3 g6 5. d4 Bg7 6. b3 O-O 7. Be2 c5 8. O-O Nc6
9. Bb2 cxd4 10. Nxd4 Nxd4 11. exd4 Be6 12. c5 h5 13. b4 Bg4 14. Bf3 Qd7 15. Re1
Rad8 16. a4 Rfe8 17. b5 Qf5 18. Re5 Bxf3 19. Qxf3 Qc2 20. Re2 Qb3 21. Nd1 Qxf3
22. gxf3 Nh7 23. Ne3 Ng5 24. Kg2 e5 25. dxe5 Ne6 26. Rd2 d4 27. Nc4 Nxc5 28.
Rad1 d3 29. f4 Rd5 30. Nd6 Rd8 31. Ba3 Ne6 32. Kg3 Rd4 33. Rxd3 Rxf4 34. Kg2
Rxa4 35. Kf1 Bxe5 36. Nxb7 Rxd3 37. Rxd3 Bxh2 38. Kg2 Nf4+ 0-1

[Event "5th Classic Open 2013"]
[Site "London ENG"]
[Date "2013.12.07"]
[Round "1.10"]
[White "Nevednichy, Vladislav"]
[Black "Compton, Alistair"]
[Result "1-0"]
[WhiteTitle "GM"]
[WhiteElo "2604"]
[BlackElo "2101"]
[WhiteFideId "1205730"]
[BlackFideId "4300645"]
[EventDate "2013.12.07"]

1. c4 e6 2. g3 d5 3. Bg2 Nf6 4. Nf3 c5 5. O-O Be7 6. cxd5 exd5 7. d4 Nc6 8. dxc5
Bxc5 9. Nc3 O-O 10. Na4 Be7 11. Be3 Re8 12. Rc1 Bg4 13. Nc5 Qb6 14. Nb3 Qa6 15.
a3 Rad8 16. Nbd4 Nxd4 17. Bxd4 Ne4 18. Re1 Rc8 19. Qd3 Qxd3 20. exd3 Bxf3 21.
Bxf3 Nd2 22. Bxd5 Rxc1 23. Rxc1 Rd8 24. Be3 Rxd5 25. Rc8+ Bd8 26. Bxd2 h6 27.
Be3 Rxd3 28. Bxa7 Kh7 29. Rb8 Rd7 30. b4 Be7 31. Bb6 Kg6 32. Kf1 Kf5 33. h3 h5
34. Ke2 g6 35. Ra8 Rd6 36. Bc5 Re6+ 37. Be3 b5 38. Kf3 Re5 39. Ra6 Rd5 40. g4+
hxg4+ 41. hxg4+ Ke5 42. Bf4+ Kd4 43. Ra7 Bd6 44. Be3+ Kc4 45. Rxf7 Kb3 46. Rd7 1-0

[Event "5th Classic Open 2013"]
[Site "London ENG"]
[Date "2013.12.07"]
[Round "1.12"]
[White "Van Kampen, Robin"]
[Black "Seymour, Timothy P"]
[Result "1-0"]
[WhiteTitle "GM"]
[WhiteElo "2601"]
[BlackElo "2094"]
[WhiteFideId "1020854"]
[BlackFideId "412112"]
[EventDate "2013.12.07"]

1. e4 e5 2. Nf3 Nc6 3. Bb5 a6 4. Ba4 Nge7 5. c3 g6 6. d4 exd4 7. cxd4 b5 8. Bc2
Bg7 9. d5 Na5 10. Bd2 c5 11. Bc3 O-O 12. Bxg7 Kxg7 13. b4 cxb4 14. Qd4+ f6 15.
Qxb4 Qc7 16. O-O d6 17. Nbd2 Bd7 18. Bd3 Rfc8 19. Rac1 Qxc1 20. Rxc1 Rxc1+ 21.
Bf1 Nb7 22. e5 Nxd5 23. Qe4 Bc6 24. exf6+ Kf8 25. Nb3 Nc5 26. Qh4 Nxb3 27. axb3
Kf7 28. Qh6 Rxf1+ 29. Kxf1 Nxf6 30. Ng5+ Kg8 31. Nxh7 Nxh7 32. Qxg6+ Kh8 33.
Qxd6 Bb7 34. Qc7 1-0

[Event "5th Classic Open 2013"]
[Site "London ENG"]
[Date "2013.12.07"]
[Round "1.13"]
[White "Grove, Michael"]
[Black "Hebden, Mark L"]
[Result "0-1"]
[BlackTitle "GM"]
[WhiteElo "2091"]
[BlackElo "2560"]
[WhiteFideId "2403943"]
[BlackFideId "400084"]
[EventDate "2013.12.07"]

1. e4 e5 2. Nf3 Nc6 3. d4 exd4 4. Nxd4 Nf6 5. Nxc6 bxc6 6. e5 Ne4 7. Be3 d5 8.
Nd2 Nc5 9. Nf3 Rb8 10. Rb1 Bg4 11. h3 Bxf3 12. gxf3 Be7 13. Rg1 O-O 14. f4 f5
15. Qh5 Ne6 16. Bd3 Qe8 17. Qf3 a5 18. c3 Bc5 19. Ke2 Kh8 20. Bxc5 Nxc5 21. b4
axb4 22. Rxb4 Ra8 23. Bb1 Ra3 24. Qe3 Ne6 25. Rb3 Ra5 26. Rd1 Qa8 27. Kf1 c5 28.
Qf3 c6 29. Qg3 Ra4 30. Bc2 Nxf4 0-1

[Event "5th Classic Open 2013"]
[Site "London ENG"]
[Date "2013.12.07"]
[Round "1.15"]
[White "Johannesson, Oliver"]
[Black "Shyam, Sundar M."]
[Result "0-1"]
[BlackTitle "GM"]
[WhiteElo "2078"]
[BlackElo "2534"]
[WhiteFideId "2305623"]
[BlackFideId "5019141"]
[EventDate "2013.12.07"]

1. d4 Nf6 2. c4 e6 3. Nc3 Bb4 4. e3 O-O 5. Ne2 d5 6. a3 Be7 7. cxd5 exd5 8. Nf4
c6 9. Bd3 Nbd7 10. O-O Bd6 11. f3 Nb6 12. Bc2 Qc7 13. g3 Rd8 14. Qd3 Bxf4 15.
exf4 g6 16. g4 Ne8 17. f5 gxf5 18. Ne2 f6 19. gxf5 Ng7 20. Bf4 Qf7 21. Ng3 Nc4
22. b3 Nd6 23. Bxd6 Rxd6 24. Rae1 Rd8 25. Re3 Bd7 26. Rfe1 Re8 27. Qd2 Qf8 28.
Rxe8 Rxe8 29. Rxe8 Bxe8 30. b4 Qe7 31. Kf2 a5 32. Qc3 axb4 33. axb4 Qd6 34. Ke3
h5 35. Qc5 Qc7 36. b5 b6 37. Qc3 Qe7+ 38. Kf2 cxb5 39. Qb3 Bc6 40. Bd3 b4 41.
Ne2 Qd6 42. Kg2 h4 43. f4 Be8 44. Ng1 Nh5 45. Ne2 Kh7 46. Kf3 Ng7 47. Ng1 Bh5+
48. Ke3 Bg4 49. Qc2 h3 50. Qb1 Nh5 51. Qf1 b3 52. Nxh3 Bxh3 53. Qxh3 Qxf4+ 54.
Ke2 Kh6 0-1

[Event "5th Classic Open 2013"]
[Site "London ENG"]
[Date "2013.12.07"]
[Round "1.16"]
[White "Hawkins, Jonathan"]
[Black "Villiers, Thomas"]
[Result "1-0"]
[WhiteTitle "IM"]
[WhiteElo "2512"]
[BlackElo "2078"]
[WhiteFideId "412686"]
[BlackFideId "427209"]
[EventDate "2013.12.07"]

1. d4 Nf6 2. c4 e6 3. Nc3 Bb4 4. e3 b6 5. Ne2 Ne4 6. Bd2 Nxd2 7. Qxd2 Bb7 8. a3
Be7 9. d5 O-O 10. g3 d6 11. Bg2 e5 12. O-O f5 13. b4 Nd7 14. f4 Bf6 15. Bh3 g6
16. e4 fxe4 17. Nxe4 Bc8 18. Be6+ Kh8 19. f5 Bg7 20. fxg6 hxg6 21. Ng5 Qe7 22.
Nc3 Nf6 23. Qc2 Bh6 24. Qxg6 Bxg5 25. Qxg5 Bxe6 26. dxe6 Qg7 27. Qh4+ Kg8 28.
Rf5 Nh7 29. Raf1 Rxf5 30. Rxf5 Rf8 31. Rxf8+ Nxf8 32. e7 Kf7 33. exf8=R+ Qxf8
34. Nd5 Ke6 35. Qg4+ Kf7 36. Qf5+ Kg7 37. Qxf8+ Kxf8 38. Nxc7 Ke7 39. Kf2 Kd7
40. Nd5 Ke6 41. b5 1-0

[Event "5th Classic Open 2013"]
[Site "London ENG"]
[Date "2013.12.07"]
[Round "1.19"]
[White "Bass, John W"]
[Black "Semcesen, Daniel"]
[Result "0-1"]
[BlackTitle "IM"]
[WhiteElo "2048"]
[BlackElo "2488"]
[WhiteFideId "407925"]
[BlackFideId "1706993"]
[EventDate "2013.12.07"]

1. d4 f5 2. g3 Nf6 3. Bg2 g6 4. Nf3 Bg7 5. O-O O-O 6. c4 d6 7. b3 Qe8 8. Bb2 h6
9. Nc3 Na6 10. Re1 e5 11. dxe5 dxe5 12. e4 f4 13. Nd5 Nh5 14. Ba3 Rf7 15. Qd3 c6
16. Nc3 Bg4 17. Rad1 Kh7 18. Rd2 Qe6 19. Nh4 Bf6 20. Nf3 Re8 21. Qe2 Nc7 22. Na4
Qc8 23. Nc5 Be7 24. b4 Ref8 25. Rf1 Bxc5 26. bxc5 Ne6 27. Qd3 Bxf3 28. Bxf3 Ng5
29. g4 Nf6 30. Qe2 h5 31. gxh5 Qh3 32. hxg6+ Kxg6 33. Rd3 Rd7 34. Rfd1 Rfd8 35.
Bg2 Rxd3 36. Bxh3 Rxd1+ 37. Bf1 f3 0-1

[Event "5th Classic Open 2013"]
[Site "London ENG"]
[Date "2013.12.07"]
[Round "1.20"]
[White "Harika, Dronavalli"]
[Black "Burke, John S"]
[Result "1-0"]
[WhiteTitle "GM"]
[WhiteElo "2487"]
[BlackElo "2045"]
[WhiteFideId "5015197"]
[BlackFideId "404322"]
[EventDate "2013.12.07"]

1. Nf3 Nc6 2. c4 d6 3. d4 g6 4. d5 Nb8 5. e4 Bg7 6. h3 Nf6 7. Nc3 Nbd7 8. Be3
O-O 9. Be2 Nc5 10. Qc2 a5 11. g4 Nfd7 12. Nd2 e5 13. h4 f5 14. gxf5 gxf5 15.
exf5 e4 16. Ncxe4 Nxe4 17. Nxe4 Nc5 18. f6 Rxf6 19. Nxf6+ Qxf6 20. Rg1 Bf5 21.
Qc3 Qxc3+ 22. bxc3 Kf8 23. O-O-O Bf6 24. Bxc5 dxc5 25. Bd3 Bxd3 26. Rxd3 Rd8 27.
Rf3 Kf7 28. h5 Rd6 29. Re1 a4 30. Kc2 Rb6 31. Rb1 Rxb1 32. Kxb1 Kg7 33. Kc2 Bg5
34. Kd3 Bf6 35. Ke4 Kf7 36. Kf5 Bg7 37. Rg3 Bf8 38. f4 Bh6 39. Rg1 Bf8 40. Rg2
Bh6 41. Rb2 1-0

[Event "5th Classic Open 2013"]
[Site "London ENG"]
[Date "2013.12.07"]
[Round "1.21"]
[White "De Andres Gonalons, Fernando"]
[Black "Zhou, Yang-Fan"]
[Result "0-1"]
[BlackTitle "IM"]
[WhiteElo "2040"]
[BlackElo "2483"]
[WhiteFideId "2221896"]
[BlackFideId "468584"]
[EventDate "2013.12.07"]

1. d4 g6 2. c4 Bg7 3. Nf3 d6 4. Nc3 Nd7 5. g3 e5 6. Bg2 Ne7 7. O-O O-O 8. e4
exd4 9. Nxd4 Nc6 10. Nxc6 bxc6 11. Qc2 Qf6 12. Nd1 Re8 13. Bd2 Qe6 14. Rc1 Rb8
15. b3 Nc5 16. Be3 Nxe4 17. Bxa7 Ra8 18. Be3 f5 19. f3 Nc3 20. Re1 Rxa2 21. Qd3
Nxd1 22. Rcxd1 f4 23. Bd2 Qf7 24. Rxe8+ Qxe8 25. Re1 Qf7 26. Bxf4 Bf5 27. Qe3 c5
28. Kh1 Bd4 29. Qc1 Bf2 30. Rd1 Qe6 31. Bf1 Qe8 32. Rd2 Be3 0-1

[Event "5th Classic Open 2013"]
[Site "London ENG"]
[Date "2013.12.07"]
[Round "1.22"]
[White "Elsness, Frode"]
[Black "Duncan, Patrick C M"]
[Result "1-0"]
[WhiteTitle "IM"]
[WhiteElo "2482"]
[BlackElo "2035"]
[WhiteFideId "1501100"]
[BlackFideId "405787"]
[EventDate "2013.12.07"]

1. d4 Nf6 2. c4 e6 3. Nc3 Bb4 4. Qc2 O-O 5. Nf3 c5 6. dxc5 Na6 7. g3 Nxc5 8. Bg2
Nce4 9. O-O Nxc3 10. bxc3 Be7 11. e4 d6 12. e5 dxe5 13. Nxe5 Qc7 14. Qe2 Nd7 15.
Bf4 Bd6 16. Rfe1 Rb8 17. Rab1 Nxe5 18. Bxe5 Bxe5 19. Qxe5 Qxe5 20. Rxe5 Bd7 21.
Rxb7 Rxb7 22. Bxb7 Rb8 23. Bf3 Rc8 24. Ra5 Rc7 25. Kf1 Kf8 26. Ke2 Ke7 27. c5 f6
28. Kd3 e5 29. Kc4 Be8 30. Ra6 Bf7+ 31. Kb5 Be8+ 32. Kb4 Bf7 33. c4 Be8 34. Bd5
h6 35. Re6+ Kd8 36. c6 Bf7 37. Rd6+ Kc8 38. Kc5 Be8 39. Be6+ 1-0

[Event "5th Classic Open 2013"]
[Site "London ENG"]
[Date "2013.12.07"]
[Round "1.23"]
[White "Ditmas, Hugh"]
[Black "Wells, Peter K"]
[Result "0-1"]
[BlackTitle "GM"]
[WhiteElo "2034"]
[BlackElo "2479"]
[WhiteFideId "1270666"]
[BlackFideId "400327"]
[EventDate "2013.12.07"]

1. d4 Nf6 2. c4 e6 3. Nf3 b6 4. g3 Ba6 5. Qc2 Bb7 6. Bg2 c5 7. d5 exd5 8. cxd5
Nxd5 9. O-O Be7 10. a3 Nf6 11. Nc3 d5 12. Nh4 O-O 13. Nf5 Nc6 14. Rd1 d4 15. Bf4
g6 16. Nxe7+ Qxe7 17. Nd5 Nxd5 18. Bxd5 Rad8 19. Bg2 g5 20. Bd2 d3 21. exd3 Nd4
22. Qa4 Bxg2 23. Kxg2 Qb7+ 24. Kh3 g4+ 25. Kh4 Rd5 26. Bf4 Qe7+ 27. Kxg4 Qe6+ 0-1

[Event "5th Classic Open 2013"]
[Site "London ENG"]
[Date "2013.12.07"]
[Round "1.24"]
[White "Williams, Simon K"]
[Black "Donovan, Nigel P"]
[Result "1-0"]
[WhiteTitle "GM"]
[WhiteElo "2461"]
[BlackElo "2033"]
[WhiteFideId "404454"]
[BlackFideId "403822"]
[EventDate "2013.12.07"]

1. d4 Nf6 2. c4 e6 3. Nf3 b6 4. g3 Ba6 5. Qc2 Bb4+ 6. Bd2 Be7 7. e4 d5 8. cxd5
Bxf1 9. Kxf1 exd5 10. e5 Ne4 11. Nc3 Nxc3 12. bxc3 Qd7 13. Kg2 Nc6 14. h4 h6 15.
Rhe1 O-O-O 16. a4 g5 17. h5 g4 18. Nh2 Rdg8 19. Nf1 Bg5 20. Be3 Na5 21. Nd2 Bxe3
22. fxe3 Rg5 23. Rh1 Qc6 24. Raf1 Nc4 25. Nxc4 dxc4+ 26. e4 Rh7 27. Rf6 Qd7 28.
Qa2 Kb7 29. Qxc4 Rg8 30. Rhf1 Rgg7 31. a5 Kb8 32. e6 Qe7 33. Qc6 1-0

[Event "5th Classic Open 2013"]
[Site "London ENG"]
[Date "2013.12.07"]
[Round "1.26"]
[White "Vakhidov, Jahongir"]
[Black "Prior, Stephen C V"]
[Result "1-0"]
[WhiteTitle "IM"]
[WhiteElo "2452"]
[BlackElo "2031"]
[WhiteFideId "14201801"]
[BlackFideId "423378"]
[EventDate "2013.12.07"]

1. d4 d5 2. c4 c6 3. Nc3 Nf6 4. Nf3 a6 5. cxd5 cxd5 6. Bf4 e6 7. e3 Be7 8. Bd3
Nc6 9. Ne5 O-O 10. O-O Nd7 11. Nxc6 bxc6 12. Na4 f5 13. Rc1 Bb7 14. Bg3 c5 15.
Nxc5 Nxc5 16. dxc5 Bc6 17. Qe2 a5 18. b3 Bg5 19. a3 d4 20. Bd6 dxe3 21. f4 Be7
22. Qxe3 Rf6 23. Bxe7 Qxe7 24. Rf2 Qb7 25. Rb2 Rg6 26. Bf1 Rd8 27. b4 axb4 28.
axb4 Bb5 29. Bxb5 Qxb5 30. c6 Rc8 31. Qc5 Qd3 32. b5 Qe4 33. b6 Kf7 34. b7 Rxc6
35. Qf8+ Kxf8 36. b8=Q+ 1-0

[Event "5th Classic Open 2013"]
[Site "London ENG"]
[Date "2013.12.07"]
[Round "1.27"]
[White "Stokes, Paul C"]
[Black "Tania, Sachdev"]
[Result "0-1"]
[BlackTitle "IM"]
[WhiteElo "2030"]
[BlackElo "2441"]
[WhiteFideId "419010"]
[BlackFideId "5007844"]
[EventDate "2013.12.07"]

1. d4 Nf6 2. c4 e6 3. g3 c5 4. d5 exd5 5. cxd5 d6 6. Nc3 g6 7. Nf3 Bg7 8. Bg2
O-O 9. O-O a6 10. a4 Re8 11. h3 Nbd7 12. Nd2 Rb8 13. a5 b5 14. axb6 Nxb6 15. e4
Nfd7 16. Qc2 Ne5 17. f4 Nec4 18. Nf3 f5 19. b3 fxe4 20. bxc4 exf3 21. Bxf3 Bxh3
22. Bg2 Bf5 23. Qb3 Bd3 24. Rd1 Nxc4 25. Qxb8 Qxb8 26. Rxd3 Qb3 27. Rb1 Qc2 0-1

[Event "5th Classic Open 2013"]
[Site "London ENG"]
[Date "2013.12.07"]
[Round "1.28"]
[White "Arkell, Keith C"]
[Black "Taylor, William J"]
[Result "1-0"]
[WhiteTitle "GM"]
[WhiteElo "2438"]
[BlackElo "2017"]
[WhiteFideId "400270"]
[BlackFideId "423130"]
[EventDate "2013.12.07"]

1. d4 Nf6 2. c4 g6 3. Nc3 Bg7 4. g3 O-O 5. Bg2 d6 6. Nf3 Nc6 7. O-O a6 8. b3 Rb8
9. Nd5 Bg4 10. Be3 Bxf3 11. Bxf3 e6 12. Nxf6+ Qxf6 13. Bxc6 bxc6 14. Qd2 e5 15.
dxe5 Qxe5 16. c5 Qb2 17. Qxb2 Bxb2 18. Rab1 Ba3 19. cxd6 cxd6 20. Rbd1 a5 21.
Bf4 Rfe8 22. e3 Re6 23. Rd4 Rb5 24. g4 g5 25. Bg3 d5 26. Rfd1 f6 27. Ra4 Bd6 28.
Bxd6 Rxd6 29. Kg2 Kf7 30. Kf3 Ke6 31. h4 Ke5 32. hxg5 fxg5 33. Ke2 Rf6 34. Rh1
h6 35. f4+ Kd6 36. Rh5 Rc5 37. f5 Rb5 38. Kf3 Ke5 39. Rh1 Rc5 40. Rh2 Kd6 41.
Rd4 Rc3 42. Ra4 Rc5 43. Re2 Ke5 44. Rg2 Kd6 45. Rh2 Ke5 46. Rh1 Kd6 47. e4 Ke5
48. exd5 cxd5 49. Re1+ Kd6 50. Re3 h5 51. gxh5 Rxf5+ 52. Kg4 Rf4+ 53. Rxf4 gxf4
54. Kxf4 d4 55. Rh3 Rd5 56. Ke4 Kc5 57. h6 d3 58. h7 d2 59. h8=Q d1=Q 60. Rc3+
Kb4 61. Rc4+ Ka3 62. Ra4# 1-0

[Event "5th Classic Open 2013"]
[Site "London ENG"]
[Date "2013.12.07"]
[Round "1.29"]
[White "McKerracher, Douglas"]
[Black "Kiik, Kalle"]
[Result "1-0"]
[BlackTitle "IM"]
[WhiteElo "2010"]
[BlackElo "2435"]
[WhiteFideId "2401002"]
[BlackFideId "4500075"]
[EventDate "2013.12.07"]

1. e4 Nf6 2. e5 Nd5 3. Nc3 Nxc3 4. dxc3 d6 5. Bf4 Nc6 6. Bb5 Bd7 7. Qe2 a6 8.
Bxc6 Bxc6 9. Nf3 Qd7 10. O-O-O Qg4 11. Qe3 Bxf3 12. gxf3 Qe6 13. Kb1 d5 14. Rd2
Qc6 15. h4 e6 16. Rg1 O-O-O 17. Qd3 h6 18. h5 b5 19. Be3 Qc4 20. Qxc4 bxc4 21.
b3 cxb3 22. axb3 Kb7 23. Kb2 c5 24. Rdd1 Rc8 25. Rg4 Rc6 26. Rf4 Rc7 27. Rg4 f6
28. exf6 gxf6 29. Rg6 Bg7 30. Rdg1 Rh7 31. Bxc5 e5 32. Be3 Rd7 33. f4 d4 34.
cxd4 exd4 35. Bxd4 Rxd4 36. Rxg7+ Rxg7 37. Rxg7+ Kc6 38. Rg6 Rxf4 39. Rxh6 Rxf2
40. Rh8 Rh2 41. h6 f5 42. h7 Kb7 43. Kc3 f4 44. Kd3 f3 45. Ke3 f2 46. Ke2 Ka7
47. Kf1 Kb7 48. c4 Ka7 49. b4 Kb7 50. c5 Kc7 51. Ra8 1-0

[Event "5th Classic Open 2013"]
[Site "London ENG"]
[Date "2013.12.07"]
[Round "1.30"]
[White "Cherniaev, Alexander"]
[Black "Amato, Giampiero"]
[Result "1-0"]
[WhiteTitle "GM"]
[WhiteElo "2434"]
[BlackElo "2009"]
[WhiteFideId "4117301"]
[BlackFideId "813303"]
[EventDate "2013.12.07"]

1. d4 c5 2. dxc5 Qa5+ 3. Nc3 Qxc5 4. e4 Nc6 5. a3 Nf6 6. Be3 Qa5 7. b4 Qd8 8. f4
d6 9. Be2 Be6 10. Bf3 g6 11. h3 Bg7 12. Nge2 O-O 13. O-O Bc4 14. Qe1 Qc8 15. Rd1
Rd8 16. Rf2 e6 17. Nd4 d5 18. e5 Ne8 19. Na4 Nxd4 20. Bxd4 Qc6 21. Nb2 Rdc8 22.
Ra1 Bf8 23. a4 Ng7 24. g4 Be7 25. Qd2 Qc7 26. Nd1 Qd8 27. Ne3 Qf8 28. c3 f5 29.
Bd1 Rc7 30. Bc2 Kh8 31. Kh1 b6 32. Rg1 Qf7 33. Rf3 Rg8 34. Rf2 Bh4 35. Rfg2 Rgc8
36. g5 Nh5 37. Bd1 Rg8 38. Bxh5 gxh5 39. Qd1 h6 40. g6 Qe7 41. g7+ Kh7 42. Qxh5 1-0

[Event "5th Classic Open 2013"]
[Site "London ENG"]
[Date "2013.12.07"]
[Round "1.31"]
[White "Calvert, D Ian"]
[Black "Pert, Richard G"]
[Result "0-1"]
[BlackTitle "IM"]
[WhiteElo "2002"]
[BlackElo "2433"]
[WhiteFideId "406368"]
[BlackFideId "404748"]
[EventDate "2013.12.07"]

1. b3 d5 2. Bb2 Bg4 3. h3 Bh5 4. d4 Nf6 5. Nd2 c5 6. dxc5 Nc6 7. Ngf3 e6 8. e3
Bxc5 9. Be2 O-O 10. O-O Rc8 11. Ne5 Bxe2 12. Qxe2 Nxe5 13. Bxe5 Bb4 14. Nf3 Bc3
15. Bxf6 Bxf6 16. Rab1 Rc3 17. Rfc1 Qa5 18. a4 Qb4 19. Qb5 Qe7 20. Ne1 Rfc8 21.
a5 h6 22. Qa4 Qc7 23. g3 Rc5 24. b4 Rc4 25. Rb3 b6 26. axb6 axb6 27. Qa6 Bc3 28.
Nf3 Bf6 29. Ne1 d4 30. exd4 Bxd4 31. Rd1 b5 32. Qa5 Qe5 33. Rbd3 Kh7 34. Rxd4
Rxd4 35. Rxd4 Qxe1+ 36. Kg2 Rxc2 37. Rf4 Rc1 0-1

[Event "5th Classic Open 2013"]
[Site "London ENG"]
[Date "2013.12.07"]
[Round "1.33"]
[White "Al-Hamlan, Faisal"]
[Black "Ahlander, Bjorn"]
[Result "0-1"]
[BlackTitle "IM"]
[WhiteElo "1997"]
[BlackElo "2429"]
[WhiteFideId "10300180"]
[BlackFideId "1700251"]
[EventDate "2013.12.07"]

1. d4 c5 2. c3 e6 3. Nf3 Be7 4. g3 b6 5. Bg2 Bb7 6. O-O Nf6 7. Bf4 O-O 8. dxc5
bxc5 9. Bd6 Nc6 10. Ne5 Rc8 11. Nc4 Ne8 12. Nba3 Ba6 13. Re1 Nxd6 14. Nxd6 Bxd6
15. Qxd6 Qb6 16. Rab1 Rfd8 17. Bf3 Rb8 18. h4 Nd4 19. Qf4 Nxf3+ 20. Qxf3 Bb7 21.
Qf4 d6 22. h5 e5 23. Qg4 Qc6 24. f3 d5 25. Kg2 Rf8 26. Qf5 Rbe8 27. Nc2 Bc8 28.
Qg5 d4 29. Rh1 e4 30. Rbe1 Bb7 31. Rhf1 h6 32. Qf4 Rd8 33. Na3 Rfe8 34. Rf2
exf3+ 35. Kh2 Rxe2 36. Rf1 Qd5 37. g4 d3 38. Nc4 d2 39. Ne3 Rxe3 40. Qxe3 d1=Q
41. Rxd1 Qxd1 42. g5 Qd6+ 43. Kg1 Qg3+ 0-1